000 02139nam0a2200409 i 4500
001 RU\NLR\BIBL_A\010753334
005 20260408191415.0
010 _a9785927513529
_950
021 _aRU
_b2015-24635
_91458
035 _a(NILC)LIBNET\0000528852
035 _aROSTOV\BIBL\z0000815977
035 _a(NLR Aleph) 010753334
090 _a9950688
_c9950688
100 _a20150515d2014 u y0rusy50 ca
101 0 _arus
102 _aRU
105 _ay|||j|||000yy
200 1 _aИстория общественных движений и политических партий России: диссидентское и правозащитное движение в советском обществе (60-х - начало 80-х гг. XX в.)
_eучебник
_fЛ. И. Лакизо
_gМ-во образования и науки Рос. Федерации, Федер. гос. автоном. образоват. учреждение высш. проф. образования "Юж. федер. ун-т"
210 _aРостов-на-Дону
_cИздательство Южного федерального университета
_d2014
215 _a146 с.
_d20
320 _aБиблиогр. в тексте и в подстроч. примеч.
601 0 2 _aМосковская хельсинкская группа
_jУчебники
_92224251
_3RU\NLR\AUTH\661335372
606 1 _aДиссиденты
_jУчебники
_yСССР
_91202620
_3RU\NLR\AUTH\66168804
606 _aПравозащитное движение
_yСССР
_jУчебники
_3RU\NLR\AUTH\661270247
_92100159
610 0 _aОбщественные движения
610 0 _aПолитические партии
686 _a63.3(2)633-4
_vLBC/M
_2rubbk
686 1 _aФ3(2)600
686 1 _aТ3(2)73-4я7
700 1 _aЛакизо
_bЛ. И.
_gЛюбовь Ивановна
801 0 _aRU
_bДонская ГПБ
_c20150217
_grcr
801 1 _aRU
_bДонская ГПБ
_c20150217
_2rusmarc
801 2 _aRU
_bДонская ГПБ
_c20150311
_2rusmarc
942 _cBOOK
980 _aNBR